000 00570nam a2200229Ia 4500
003 OSt
005 20220918191947.0
006 a|||||r|||| 00| 0
007 ta
008 220917b |||||||| |||| 00| 0 eng d
024 _a66,186
037 _cTextual
040 _aARTS
_cARTS
_beng
041 _2eng
_aeng
082 _aR3xC57:9, C5
100 _aPeter Walter
_977871
245 0 _aPlato and Platonism
_b a series of lectures
250 _a2nd
260 _c1895
942 _hR3xC57:9, C5
_cTEXL
_2CC
999 _c192420
_d192420